Asbestos and its implications for members and their clients (Record no. 109703)

MARC details
000 -LEADER
fixed length control field 02559cad a22003135a 4500
001 - CONTROL NUMBER
control field E147721
008 - FIXED-LENGTH DATA ELEMENTS--GENERAL INFORMATION
fixed length control field 090609s2009 xxk f 000 0 eng u
020 ## - INTERNATIONAL STANDARD BOOK NUMBER
International Standard Book Number 9781842194508
035 ## - SYSTEM CONTROL NUMBER
System control number (Sirsi) u147721
041 #0 - LANGUAGE CODE
Language code of text/sound track or separate title eng
050 04 - LIBRARY OF CONGRESS CALL NUMBER
Classification number 549.66 $2 18
110 2# - MAIN ENTRY--CORPORATE NAME
Corporate name or jurisdiction name as entry element Royal Institution of Chartered Surveyors
9 (RLIN) 4900
245 00 - TITLE STATEMENT
Title Asbestos and its implications for members and their clients
Remainder of title RICS guidance note
Medium [old edition]
250 ## - EDITION STATEMENT
Edition statement 2nd ed.
260 ## - PUBLICATION, DISTRIBUTION, ETC.
Place of publication, distribution, etc. Coventry
Name of publisher, distributor, etc. RICS
Date of publication, distribution, etc. 2009
300 ## - PHYSICAL DESCRIPTION
Extent vi, 112p.
Dimensions 30cm.
490 #0 - SERIES STATEMENT
Series statement RICS Guidance Note
505 2# - FORMATTED CONTENTS NOTE
Formatted contents note Introduction -- Risk to RICS members -- Surveyors' responsibilities -- Responsibility of others (employer, landlord, tenant, occupant) -- Services offered by surveyors -- Limitations and exclusions -- Insurance -- Asbestos inspection -- Sampling asbestos -- Management plan -- Types of property -- Asbestos removal -- Encapsulation -- Demolition and land clearance -- Appendices: Definitions and abbreviations used; health issues and risks arising from asbestos; extent of Asbestos-Containing Materials (ACMs); regulations; flow chart to determine the Regulation 4 'dutyholder(s)'; legal issues arising and cases; competence of those involved in inspections for, and in the sampling, assessment and removal of asbestos; chart showing whether a residential premises is likely to be classified as domestic or non-domestic for the purposes of Regulation 4 CAR 2006; is an asbestos survey required and if so, what type?; should ACM be removed, repaired or treated?; flowchart to determine whether Regulation 3(2) exception of CAR applies
520 ## - SUMMARY, ETC.
Summary, etc. Aims to give readers practical guidance on the various issues surrounding asbestos, with particular regard to its use in buildings and structures. Helps readers understand the dangers to health and business, how to protect PI insurance, how to comply with the latest legislation and regulations, and the implementation of an effective management plan.
520 ## - SUMMARY, ETC.
Summary, etc. Supersedes the first edition (ISBN 1842190636).
520 ## - SUMMARY, ETC.
Summary, etc. Superceded by third edition (ISBN 9781842197240) and also by fourth edition (9781783214228)
521 ## - TARGET AUDIENCE NOTE
Target audience note Advanced
590 ## - LOCAL NOTE (RLIN)
Local note KA
650 24 - SUBJECT ADDED ENTRY--TOPICAL TERM
Topical term or geographic name entry element CONTROL OF ASBESTOS REGULATIONS 2006
651 #4 - SUBJECT ADDED ENTRY--GEOGRAPHIC NAME
Geographic name United Kingdom
690 ## - LOCAL SUBJECT ADDED ENTRY--TOPICAL TERM (OCLC, RLIN)
Topical term or geographic name as entry element MANAGEMENT-HEALTH AND SAFETY-HAZARDOUS SUBSTANCES-ASBESTOS
856 40 - ELECTRONIC LOCATION AND ACCESS
Uniform Resource Identifier <a href="https://www.isurv.com/downloads/file/2788/archive_asbestos_and_its_implications_for_members_and_their_clients_2nd_edition_2009-october_2011">https://www.isurv.com/downloads/file/2788/archive_asbestos_and_its_implications_for_members_and_their_clients_2nd_edition_2009-october_2011</a>
Public note Archived on isurv (subscription required)
942 ## - ADDED ENTRY ELEMENTS (KOHA)
Suppress in OPAC 0
Source of classification or shelving scheme Dewey Decimal Classification
Holdings
Withdrawn status Lost status Source of classification or shelving scheme Damaged status Not for loan Home library Current library Shelving location Date acquired Total Checkouts Full call number Barcode Date last seen Copy number Price effective from Koha item type
          Archives Archives RICS Boxes 15/06/2009   RICS 2009/16 30076848 26/02/2024 2 06/08/2019 Reference material
    Dewey Decimal Classification     London London RICS Boxes 15/06/2009   RICS 2009/16 30076847 06/08/2019 1 06/08/2019 Archive
    Dewey Decimal Classification     London London Folio 15/06/2009   F549.66 ROY 30076850 26/02/2024 3 06/08/2019 Book
    Dewey Decimal Classification     Virtual Virtual Online 26/07/2023   isurv   26/07/2023   26/07/2023 Online material